Score 0/25 Timer 06:00
0 Plays Today
% Correct
urine
84.3%
almonds
83.2%
meerkats
81.5%
an online dating site
79.9%
sentences
76.9%
happy
76.5%
fatter
74.5%
bottoms
74%
lawsuit
63%
an anti-aphrodisiac
61.6%
shipwrecks
61.5%
guns
58.9%
golf balls
58.4%
% Correct
pizza
47.8%
nose
44.4%
beer
41.9%
ginger
36.8%
smartphones
36.4%
Caesarean sections
30.8%
pillows
30%
space
28.4%
beards
27.3%
turmeric
27.2%
tap water
25.3%
snowboarding
20.9%
Remove Ads.
Support Sporcle.
Get the best of Sporcle when you Go Orange. This ad-free experience offers more features, more stats, and more fun while also helping to support Sporcle. Thank you for becoming a member.

You're not logged in!

Compare scores with friends on all Sporcle quizzes.
OR
Log In

Sporcle TV

Today on Sporcle TV


Watch our educational content, quiz creation guides, and fun videos on Sporcle TV.

Show Comments

Extras

Top Quizzes Today


Score Distribution

Paid Content

Your Account Isn't Verified!

In order to create a playlist on Sporcle, you need to verify the email address you used during registration. Go to your Sporcle Settings to finish the process.

Report this User

Report this user for behavior that violates our Community Guidelines.

Details: